[Event "World Amateur-ch U2300"]
[Site "Muscat"]
[Date "2023.11.08"]
[Round "7"]
[White "Bigabylov, Zhuban"]
[Black "Starley, Robert"]
[Result "0-1"]
[WhiteElo "1929"]
[BlackElo "2072"]
[PlyCount "132"]
[EventDate "2023.11.02"]
[EventType "swiss"]
[EventRounds "9"]
[EventCountry "OMN"]
[SourceTitle "CB46_2023"]
[SourceDate "2023.11.15"]
[SourceVersion "1"]
[SourceVersionDate "2023.11.15"]
[SourceQuality "1"]

1. d4 Nf6 2. c4 b6 3. Nc3 Bb7 4. f3 Nc6 5. e3 e6 6. Bd3 Bb4 7. Nge2 0-0 8. e4 e5 9. d5 Ne7 10. a3 Bxc3+ 11. Nxc3 d6 12. 0-0 Ng6 13. g3 Qd7 14. Be3 h5 15. Rc1 h4 16. Qe2 Nh5 17. Qg2 Bc8 18. Rfd1 Kh7 19. Ne2 a5 20. b4 axb4 21. axb4 Ra2 22. Rd2 Ra4 23. Rb1 Ba6 24. f4 h3 25. Qf3 Nf6 26. f5 Ne7 27. g4 Rh8 28. g5 Ne8 29. Rdd1 Kg8 30. b5 Bb7 31. Ra1 Rxa1 32. Rxa1 Qd8 33. Qg4 Bc8 34. Ra8 Qd7 35. Ng3 g6 36. Qf3 Kf8 37. Ra7 Qd8 38. Bxb6 gxf5 39. Bxc7 Nxc7 40. exf5 Ne8 41. Qe3 f6 42. b6 fxg5 43. b7 Bxb7 44. Rxb7 Qc8 45. Qa7 Qc5+ 46. Qxc5 dxc5 47. Ne4 Nxf5 48. Nxc5 Nd4 49. Nd7+ Kg8 50. Nxe5 g4 51. c5 Rh5 52. Ng6 Nf3+ 53. Kf2 Nf6 54. Bf5 Nd4 55. Ne7+ Kf8 56. Bg6 Re5 57. d6 Rxc5 58. Nf5 Nxf5 59. Rf7+ Kg8 60. Rxf6 g3+ 61. hxg3 h2 62. d7 Rc2+ 63. Kf3 h1Q+ 64. Kg4 Nh6+ 65. Kg5 Rd2 66. Be8 Rd5+ 0-1

[Event "World Amateur-ch U2300"]
[Site "Muscat"]
[Date "2023.11.06"]
[Round "5"]
[White "Bigabylov, Zhuban"]
[Black "Muhammed, Shuaau"]
[Result "0-1"]
[WhiteElo "1929"]
[BlackElo "2072"]
[PlyCount "112"]
[EventDate "2023.11.02"]
[EventType "swiss"]
[EventRounds "9"]
[EventCountry "OMN"]
[SourceTitle "CB46_2023"]
[SourceDate "2023.11.15"]
[SourceVersion "1"]
[SourceVersionDate "2023.11.15"]
[SourceQuality "1"]

1. d4 d5 2. c4 e6 3. Nc3 Nf6 4. Bg5 Be7 5. e3 Nbd7 6. Nf3 h6 7. Bh4 0-0 8. Rc1 c5 9. cxd5 Nxd5 10. Bxe7 Nxe7 11. Be2 cxd4 12. Nxd4 Qb6 13. 0-0 Nc5 14. b4 Qxb4 15. Ndb5 Ne4 16. Nxe4 Qxe4 17. Nc7 Rb8 18. Qd6 Nf5 19. Qa3 Bd7 20. Rc4 Qe5 21. Rc5 Qd6 22. Rd1 Qe7 23. Ra5 Qxa3 24. Rxa3 Bc6 25. Rxa7 Rfc8 26. Nb5 Rd8 27. Rxd8+ Rxd8 28. Nc3 Rd2 29. h3 Rc2 30. Ra3 Kf8 31. Kh2 Nd6 32. f3 b5 33. Bd3 Rd2 34. Nb1 Rb2 35. Ra6 Bxf3 36. Kg3 Be4 37. Rxd6 Bxd3 38. Rxd3 Rxb1 39. Rd7 Rb2 40. Rb7 b4 41. Kf3 g5 42. g4 Kg7 43. Ra7 Kf6 44. a4 Ra2 45. a5 Ke5 46. Rb7 Ra4 47. a6 Kd5 48. a7 Kc5 49. Ke4 f6 50. Kd3 Ra3+ 51. Kd2 Kc4 52. Rc7+ Kb3 53. Rb7 Ra2+ 54. Kd3 f5 55. Kd4 Ra5 56. Rc7 Rd5# 0-1

[Event "World Amateur-ch U2300"]
[Site "Muscat"]
[Date "2023.11.05"]
[Round "4"]
[White "Koniahli, Malek"]
[Black "Bigabylov, Zhuban"]
[Result "1-0"]
[WhiteElo "2291"]
[BlackElo "1929"]
[PlyCount "49"]
[EventDate "2023.11.02"]
[EventType "swiss"]
[EventRounds "9"]
[EventCountry "OMN"]
[SourceTitle "CB46_2023"]
[SourceDate "2023.11.15"]
[SourceVersion "1"]
[SourceVersionDate "2023.11.15"]
[SourceQuality "1"]

1. d4 Nf6 2. c4 g6 3. Nc3 Bg7 4. e4 0-0 5. Be3 d6 6. f3 c5 7. d5 e6 8. Qd2 exd5 9. cxd5 Re8 10. Nge2 Na6 11. Ng3 Nc7 12. Be2 Rb8 13. a4 a6 14. Rb1 b5 15. axb5 Nxb5 16. Bxb5 axb5 17. b4 cxb4 18. Na2 Nxd5 19. exd5 Qb6 20. Ne4 Qa5 21. 0-0 Bf5 22. Nxb4 Qa4 23. Nxd6 Qa3 24. Nxf5 Bc3 25. Nh6+ 1-0

[Event "World Amateur-ch U2300"]
[Site "Muscat"]
[Date "2023.11.02"]
[Round "1"]
[White "Bigabylov, Zhuban"]
[Black "Imanaliev, Taalaibek"]
[Result "1-0"]
[WhiteElo "1929"]
[BlackElo "2218"]
[PlyCount "148"]
[EventDate "2023.11.02"]
[EventType "swiss"]
[EventRounds "9"]
[EventCountry "OMN"]
[SourceTitle "CB46_2023"]
[SourceDate "2023.11.15"]
[SourceVersion "1"]
[SourceVersionDate "2023.11.15"]
[SourceQuality "1"]

1. d4 Nf6 2. c4 d6 3. Nf3 Nbd7 4. Nc3 e5 5. e4 Be7 6. Be2 0-0 7. 0-0 Re8 8. d5 Nc5 9. Qc2 a5 10. b3 Rf8 11. Be3 b6 12. a3 a4 13. b4 Nb3 14. Ra2 Ng4 15. Nxa4 Nxe3 16. fxe3 Rxa4 17. Qxb3 Bd7 18. Bd3 Qa8 19. Bc2 Qa7 20. Qc3 Ra6 21. a4 Ra8 22. Rfa1 Qb8 23. Nd2 f5 24. b5 R6a7 25. exf5 e4 26. Nxe4 Bxf5 27. Qd4 Qe8 28. Rf1 Qg6 29. Rf4 Kh8 30. Ra1 Rf8 31. Raf1 Raa8 32. Qd2 Bxe4 33. Bxe4 Qg5 34. Qc2 Qe5 35. Rxf8+ Rxf8 36. Rxf8+ Bxf8 37. g3 g6 38. Kg2 Bg7 39. Kf2 Bh6 40. Qd3 Qb2+ 41. Qe2 Qc1 42. Bf3 Bg7 43. Qd3 Qb2+ 44. Be2 Qe5 45. Bd1 Qb2+ 46. Bc2 Be5 47. Kg2 Qc3 48. Qxc3 Bxc3 49. h4 Kg7 50. g4 h6 51. g5 hxg5 52. hxg5 Bd2 53. Kf3 Bc1 54. c5 Bd2 55. c6 Bc3 56. Be4 Kf7 57. Ke2 Bb4 58. Bf3 Ba5 59. Bg4 Bb4 60. Be6+ Ke7 61. Kd3 Be1 62. Ke4 Bd2 63. Bg4 Be1 64. Bd1 Bd2 65. Bc2 Be1 66. Kf3 Kf7 67. Ke2 Bb4 68. Kd3 Ba5 69. Kd4 Be1 70. e4 Bd2 71. e5 Ke7 72. e6 Bxg5 73. a5 bxa5 74. b6 Bd2 1-0

[Event "Asia-ch Amateur"]
[Site "Dubai"]
[Date "2023.09.02"]
[Round "8"]
[White "He, Canzhou"]
[Black "Bigabylov, Zhuban"]
[Result "0-1"]
[WhiteElo "1841"]
[BlackElo "1935"]
[PlyCount "100"]
[EventDate "2023.08.28"]
[EventType "swiss"]
[EventRounds "9"]
[EventCountry "UAE"]
[SourceTitle "EXT 2024"]
[Source "ChessBase"]
[SourceDate "2023.10.10"]
[SourceVersion "1"]
[SourceVersionDate "2023.10.10"]
[SourceQuality "1"]

1. d4 Nf6 2. c4 g6 3. Nc3 Bg7 4. e4 d6 5. h3 0-0 6. Be3 c5 7. Nf3 cxd4 8. Nxd4 Nc6 9. Bd3 Nd7 10. Bc2 Nde5 11. Qe2 Nxd4 12. Bxd4 Be6 13. Nd5 Nf3+ 14. Qxf3 Bxd4 15. 0-0 Bxd5 16. cxd5 Rc8 17. Qe2 Qb6 18. Bb3 a5 19. Rac1 Qb4 20. Rc4 Rxc4 21. Qxc4 Qxc4 22. Bxc4 Bxb2 23. Rb1 Be5 24. Rxb7 Rc8 25. Bf1 Rc2 26. a4 Ra2 27. Rxe7 Rxa4 28. Ra7 Ra2 29. Ra6 h5 30. g3 g5 31. Bb5 Kg7 32. Be8 Kf8 33. Bb5 f6 34. h4 Ke7 35. hxg5 fxg5 36. Ra7+ Kd8 37. Rh7 a4 38. Rxh5 a3 39. Bc4 Rc2 40. Bb3 Rb2 41. Bc4 Bd4 42. e5 Rxf2 43. Kh1 Bxe5 44. Rh2 Bxg3 45. Rh8+ Ke7 46. Ra8 Rf3 47. Kg2 Rc3 48. Bb5 Be5 49. Ra7+ Kf6 50. Be8 g4 0-1

[Event "Asia-ch Amateur"]
[Site "Dubai"]
[Date "2023.08.28"]
[Round "1"]
[White "Bigabylov, Zhuban"]
[Black "Shrestha, Govinda Man"]
[Result "1-0"]
[WhiteElo "1935"]
[BlackElo "1589"]
[PlyCount "76"]
[EventDate "2023.08.28"]
[EventType "swiss"]
[EventRounds "9"]
[EventCountry "UAE"]
[SourceTitle "EXT 2024"]
[Source "ChessBase"]
[SourceDate "2023.10.10"]
[SourceVersion "1"]
[SourceVersionDate "2023.10.10"]
[SourceQuality "1"]

1. d4 Nf6 2. c4 d5 3. cxd5 Nxd5 4. e4 Nf6 5. Nc3 e6 6. Nf3 b6 7. Bb5+ Bd7 8. Bxd7+ Nbxd7 9. 0-0 h6 10. e5 Nd5 11. Nxd5 exd5 12. Qb3 c6 13. Qc2 Qc8 14. e6 Nf6 15. exf7+ Kxf7 16. Ne5+ Kg8 17. Ng6 Bd6 18. Bf4 Qc7 19. Bxd6 Qxd6 20. Nxh8 Kxh8 21. Rac1 c5 22. dxc5 bxc5 23. Qxc5 Qe5 24. b4 Ng4 25. Qc7 Qb2 26. Qg3 Nf6 27. a3 Rf8 28. Qc3 Qa2 29. f3 Qe2 30. Rfe1 Qa6 31. Re7 d4 32. Qxd4 Rc8 33. Rxc8+ Qxc8 34. h3 Qc1+ 35. Kh2 Qxa3 36. Rxa7 Qc1 37. b5 Qg5 38. b6 Nh5 1-0

[Event "World Amateur-ch"]
[Site "Mellieha"]
[Date "2022.10.26"]
[Round "6"]
[White "Bigabylov, Zhuban"]
[Black "Ciganovic, Nikola"]
[Result "1-0"]
[WhiteElo "1881"]
[BlackElo "2215"]
[PlyCount "131"]
[EventDate "2022.10.21"]
[EventType "swiss"]
[EventRounds "9"]
[EventCountry "MLT"]
[SourceTitle "EXT 2024"]
[Source "ChessBase"]
[SourceDate "2023.10.10"]
[SourceVersion "1"]
[SourceVersionDate "2023.10.10"]
[SourceQuality "1"]

1. d4 Nf6 2. c4 g6 3. Nc3 Bg7 4. e4 d6 5. Nf3 0-0 6. Be2 Na6 7. 0-0 e5 8. Be3 Ng4 9. Bg5 f6 10. Bc1 Nh6 11. c5 exd4 12. Bxa6 dxc3 13. Bc4+ Kh8 14. cxd6 cxb2 15. Bxb2 cxd6 16. Qb3 Qe7 17. Bd5 Ng4 18. Rfe1 Rb8 19. Rac1 Ne5 20. Nd4 Bd7 21. Ba3 Nc6 22. Nb5 Na5 23. Qb4 Bxb5 24. Qxb5 b6 25. Qa6 Qd7 26. Bb4 f5 27. f3 fxe4 28. Rxe4 Rbe8 29. Kh1 Rxe4 30. Bxe4 Be5 31. Bc3 Bxc3 32. Rxc3 d5 33. Qd3 d4 34. Rc1 Rd8 35. Rd1 Kg7 36. Qa6 Qa4 37. Rc1 Rd7 38. h3 Qa3 39. Qc8 Qd6 40. Rd1 b5 41. Bd3 a6 42. Re1 Re7 43. Rxe7+ Qxe7 44. Qxa6 Qe1+ 45. Kh2 Qe5+ 46. Kh1 Nc4 47. Bxc4 bxc4 48. Qxc4 Qe3 49. Qc5 Kh6 50. a4 g5 51. a5 Qc3 52. Qd6+ Kg7 53. Qe5+ Kf7 54. Qf5+ Ke8 55. Qe6+ Kd8 56. Qg8+ Kc7 57. Qxh7+ Kc6 58. Qg6+ Kd7 59. Qg7+ Kd6 60. Qf6+ Kd7 61. a6 Qc1+ 62. Kh2 Qc7+ 63. f4 gxf4 64. Qf7+ Kc6 65. Qxc7+ Kxc7 66. Kg1 1-0

[Event "Minsk Amateur op"]
[Site "Minsk"]
[Date "2018.06.27"]
[Round "4"]
[White "Siniauski, Artsiom"]
[Black "Bigabylov, Zhuban"]
[Result "1-0"]
[WhiteElo "1967"]
[BlackElo "2145"]
[PlyCount "87"]
[EventDate "2018.06.25"]
[EventType "swiss"]
[EventRounds "9"]
[EventCountry "BLR"]
[SourceTitle "CBM 185 Extra"]
[Source "ChessBase"]
[SourceDate "2018.07.29"]
[SourceVersion "1"]
[SourceVersionDate "2018.07.29"]
[SourceQuality "1"]

1. e4 e6 2. d4 d5 3. Nc3 Bb4 4. e5 c5 5. a3 Bxc3+ 6. bxc3 Ne7 7. Nf3 Qa5 8. Bd2 c4 9. Be2 Bd7 10. 0-0 Ba4 11. Rb1 Qa6 12. Nh4 Nd7 13. f4 0-0-0 14. Rb2 f5 15. exf6 Nxf6 16. Bg4 Bd7 17. Qe2 Nf5 18. Bxf5 exf5 19. Qe7 Ne4 20. Nf3 Qf6 21. Qb4 Bc6 22. Qa5 Kb8 23. Rfb1 Rc8 24. Be1 Rc7 25. Bh4 Qd6 26. Ne5 h6 27. Qa6 b6 28. Rxb6+ axb6 29. Rxb6+ Rb7 30. Be7 Qc7 31. Nxc6+ Qxc6 32. Bd6+ Nxd6 33. Rxc6 Rb1+ 34. Kf2 Ne4+ 35. Kf3 g5 36. Rb6+ Rxb6 37. Qxb6+ Ka8 38. Qa5+ Kb8 39. Qb5+ Kc7 40. fxg5 Nxg5+ 41. Kf4 Kd6 42. Qc5+ Ke6 43. Qc6+ Ke7 44. Qxd5 1-0

[Event "World Amateur-ch U2300"]
[Site "Cagliari"]
[Date "2018.04.22"]
[Round "1"]
[White "Gunbayar, Myagmarsuren"]
[Black "Bigabylov, Zhuban"]
[Result "1-0"]
[WhiteElo "2265"]
[BlackElo "2095"]
[PlyCount "116"]
[EventDate "2018.04.22"]
[EventType "swiss"]
[EventRounds "9"]
[EventCountry "ITA"]
[SourceTitle "CBM 184 Extra"]
[Source "ChessBase"]
[SourceDate "2018.06.28"]
[SourceVersion "1"]
[SourceVersionDate "2018.06.28"]
[SourceQuality "1"]

1. e4 e6 2. d4 d5 3. Nd2 Nf6 4. e5 Nfd7 5. Bd3 c5 6. c3 Nc6 7. Ne2 cxd4 8. cxd4 f6 9. exf6 Nxf6 10. 0-0 Bd6 11. f4 0-0 12. Nf3 Bd7 13. Kh1 Qe7 14. Qe1 Nb4 15. Bb1 Bb5 16. a3 Nd3 17. Bxd3 Bxd3 18. Ne5 Ba6 19. Rf3 Bxe2 20. Qxe2 Ne4 21. Nd3 Qc7 22. Be3 Qc4 23. Rc1 Qa6 24. Rh3 Rf6 25. Rf3 Raf8 26. Qf1 Qb5 27. Kg1 Qe8 28. Rc2 a6 29. Qc1 Rf5 30. Nf2 Qb8 31. Nd3 h6 32. b4 Qe8 33. Rf1 Kh7 34. g3 Qg6 35. Rg2 R5f7 36. Qb1 Rc7 37. Nc5 Bxc5 38. dxc5 Kg8 39. Bd4 Rcf7 40. a4 Qg4 41. Qd1 Qg6 42. Re1 Rf5 43. Qd3 Rc8 44. Qe3 Qe8 45. Ra1 Rf8 46. Rb2 Ra8 47. Be5 Qh5 48. Rab1 Rfc8 49. Rc1 Qf7 50. b5 axb5 51. axb5 Qh5 52. c6 bxc6 53. b6 Re8 54. b7 Rab8 55. Bxb8 Rxb8 56. Qa7 Qe8 57. Rxc6 Kh7 58. Rbc2 Ra8 1-0

[Event "Almaty op"]
[Site "Almaty"]
[Date "2017.10.04"]
[Round "2"]
[White "Bigabylov, Zhuban"]
[Black "Malakhatko, Vadim"]
[Result "0-1"]
[WhiteElo "2064"]
[BlackElo "2511"]
[PlyCount "42"]
[EventDate "2017.10.03"]
[EventType "swiss"]
[EventRounds "9"]
[EventCountry "KAZ"]
[SourceTitle "CBM 181 Extra"]
[Source "ChessBase"]
[SourceDate "2017.12.12"]
[SourceVersion "1"]
[SourceVersionDate "2017.12.12"]
[SourceQuality "1"]

1. d4 e6 2. c4 Bb4+ 3. Nc3 c5 4. e3 Nc6 5. d5 Bxc3+ 6. bxc3 Na5 7. Bd3 Ne7 8. e4 d6 9. f4 0-0 10. Nf3 f5 11. exf5 exf5 12. 0-0 h6 13. Nd2 Bd7 14. Rb1 Qc7 15. Qf3 Rae8 16. Nb3 b6 17. Bd2 Kh8 18. Be1 Nb7 19. Bf2 Ng8 20. Bh4 Nf6 21. Rfe1 Qc8 0-1

[Event "World Amateur-ch U2300"]
[Site "Spoleto"]
[Date "2017.04.02"]
[Round "2"]
[White "Bigabylov, Zhuban"]
[Black "Al Huwar, Jasem"]
[Result "1/2-1/2"]
[WhiteElo "2186"]
[BlackElo "2260"]
[PlyCount "76"]
[EventDate "2017.04.01"]
[EventType "swiss"]
[EventRounds "9"]
[EventCountry "ITA"]
[SourceTitle "CBM 177 Extra"]
[Source "ChessBase"]
[SourceDate "2017.04.27"]
[SourceVersion "1"]
[SourceVersionDate "2017.04.27"]
[SourceQuality "1"]

1. d4 d5 2. c4 dxc4 3. Nf3 Nf6 4. e3 Bg4 5. Bxc4 e6 6. h3 Bh5 7. 0-0 Nbd7 8. Nc3 a6 9. Be2 Bd6 10. e4 Bxf3 11. Bxf3 e5 12. dxe5 Bxe5 13. Be3 0-0 14. Qb3 b6 15. Rfd1 Qe7 16. g3 Rfe8 17. Nd5 Nxd5 18. exd5 Rad8 19. Re1 Qf6 20. Bg4 Bxb2 21. Bxd7 Bxa1 22. Bxe8 Rxe8 23. Qc4 Qc3 24. Qf1 Bb2 25. Re2 Rd8 26. Bf4 Ba3 27. Re3 Qa5 28. Bxc7 Rxd5 29. Qc4 g6 30. Bxb6 Rd1+ 31. Kg2 Qxb6 32. Rxa3 Qb7+ 33. Rf3 Rd6 34. Qb3 Rb6 35. Qd3 Re6 36. Kh2 Re1 37. h4 h5 38. a4 Re6 1/2-1/2

[Event "World Amateur-ch U2300"]
[Site "Spoleto"]
[Date "2017.04.02"]
[Round "3"]
[White "Cmiel, Thorsten"]
[Black "Bigabylov, Zhuban"]
[Result "0-1"]
[WhiteElo "2234"]
[BlackElo "2186"]
[PlyCount "89"]
[EventDate "2017.04.01"]
[EventType "swiss"]
[EventRounds "9"]
[EventCountry "ITA"]
[SourceTitle "CBM 177 Extra"]
[Source "ChessBase"]
[SourceDate "2017.04.27"]
[SourceVersion "1"]
[SourceVersionDate "2017.04.27"]
[SourceQuality "1"]

1. Nf3 Nf6 2. c4 g6 3. Nc3 Bg7 4. g3 0-0 5. Bg2 c5 6. 0-0 d5 7. cxd5 Nxd5 8. Ng5 e6 9. Nxd5 exd5 10. Nh3 Bxh3 11. Bxh3 Nc6 12. d3 Qe7 13. e3 Rfd8 14. a3 b5 15. Bg2 Qd6 16. Rb1 a5 17. g4 Rac8 18. f4 d4 19. e4 c4 20. e5 Qc5 21. Be4 b4 22. Qf3 c3 23. b3 c2 24. Rb2 bxa3 25. Ra2 Qc3 26. Rxa3 Nb4 27. f5 Bxe5 28. fxg6 fxg6 29. Qf7+ Kh8 30. Rxa5 Qc7 31. Ra7 Qxf7 32. Rfxf7 Kg8 33. Rxh7 Na2 34. Rxa2 Kxh7 35. Ra7+ Rc7 36. Ra6 Rd6 37. Ra5 Re6 38. h4 Kg7 39. b4 Bg3 40. h5 gxh5 41. gxh5 Bh4 42. b5 Rf6 43. Ra6 Bf2+ 44. Kg2 Be3 45. b6 0-1

[Event "PRO League Eastern"]
[Site "Chess.com INT"]
[Date "2017.01.25"]
[Round "3"]
[White "Bigabylov, Zhuban"]
[Black "Kunte, Abhijit"]
[Result "0-1"]
[WhiteElo "2216"]
[BlackElo "2491"]
[PlyCount "54"]
[EventDate "2017.01.11"]
[EventType "team-swiss (rapid)"]
[EventRounds "7"]
[EventCountry "USA"]
[SourceTitle "CBM 176 Extra"]
[Source "ChessBase"]
[SourceDate "2017.03.02"]
[SourceVersion "1"]
[SourceVersionDate "2017.03.02"]
[SourceQuality "1"]
[WhiteTeam "Shymkent Nomads"]
[BlackTeam "Mumbai Movers"]
[WhiteTeamCountry "KAZ"]
[BlackTeamCountry "IND"]

1. d4 Nf6 2. c4 e6 3. Nc3 Bb4 4. e3 0-0 5. Bd3 d5 6. Nf3 c5 7. 0-0 dxc4 8. Bxc4 Bd7 9. a3 Ba5 10. Qe2 cxd4 11. exd4 Bxc3 12. bxc3 Bc6 13. Bg5 Nbd7 14. Ne5 Qa5 15. Bxf6 Nxf6 16. Nxc6 bxc6 17. Qd3 c5 18. f4 cxd4 19. cxd4 Rad8 20. f5 e5 21. d5 Nxd5 22. Qg3 Qc5+ 23. Kh1 Qxc4 24. f6 g6 25. Qg5 Qc6 26. Rae1 Rd6 27. Rxe5 Nxf6 0-1

[Event "World Amateur-ch U2300"]
[Site "Chalkidiki"]
[Date "2016.04.24"]
[Round "6"]
[White "Bigabylov, Zhuban"]
[Black "Al Hajiri, Bader"]
[Result "1-0"]
[WhiteElo "2152"]
[BlackElo "2194"]
[PlyCount "57"]
[EventDate "2016.04.19"]
[EventType "swiss"]
[EventRounds "9"]
[EventCountry "GRE"]
[SourceTitle "CBM 172 Extra"]
[Source "ChessBase"]
[SourceDate "2016.06.21"]
[SourceVersion "1"]
[SourceVersionDate "2016.06.21"]
[SourceQuality "1"]

1. d4 d5 2. c4 c6 3. Nf3 Nf6 4. Nc3 e6 5. Bg5 dxc4 6. e4 b5 7. a4 Bb4 8. e5 h6 9. exf6 hxg5 10. fxg7 Rg8 11. g3 Bb7 12. Bg2 Rxg7 13. 0-0 Bxc3 14. bxc3 a6 15. Ne5 Qc7 16. Qh5 Qe7 17. f4 Nd7 18. Nxc6 Qd6 19. fxg5 Rc8 20. axb5 axb5 21. d5 Bxc6 22. dxe6 Qc5+ 23. Rf2 Ne5 24. Qh8+ Qf8 25. exf7+ Ke7 26. Ra7+ Kd6 27. Qh4 Nd7 28. Qd4+ Ke7 29. Qf6# 1-0

[Event "World Amateur-ch U2300"]
[Site "Chalkidiki"]
[Date "2016.04.23"]
[Round "5"]
[White "Gantsooj, Ganzorig"]
[Black "Bigabylov, Zhuban"]
[Result "1-0"]
[WhiteElo "2172"]
[BlackElo "2152"]
[PlyCount "93"]
[EventDate "2016.04.19"]
[EventType "swiss"]
[EventRounds "9"]
[EventCountry "GRE"]
[SourceTitle "CBM 172 Extra"]
[Source "ChessBase"]
[SourceDate "2016.06.21"]
[SourceVersion "1"]
[SourceVersionDate "2016.06.21"]
[SourceQuality "1"]

1. e4 c5 2. Nf3 Nc6 3. d4 cxd4 4. Nxd4 Nf6 5. Nc3 e5 6. Ndb5 d6 7. Bg5 a6 8. Na3 b5 9. Nd5 Be7 10. Bxf6 Bxf6 11. c3 Bg5 12. Nc2 0-0 13. a4 bxa4 14. Rxa4 a5 15. Bc4 Rb8 16. b3 Kh8 17. Nce3 g6 18. h4 Bxh4 19. g3 Bf6 20. f4 exf4 21. gxf4 Bh4+ 22. Kf1 f5 23. Ra2 fxe4 24. Rah2 g5 25. Qh5 Ne5 26. Ke2 Nxc4 27. fxg5 Nxe3 28. Rxh4 Bf5 29. Kxe3 Rxb3 30. g6 Rxc3+ 31. Ke2 Rc7 32. Nxc7 Qxc7 33. Qxh7+ Qxh7 34. Rxh7+ Kg8 35. Rh8+ Kg7 36. Rxf8 Bg4+ 37. Ke3 Kxf8 38. Kxe4 a4 39. Kf4 Be6 40. Kg5 Bd5 41. Rh8+ Ke7 42. g7 Kd7 43. Kf4 Kc6 44. Rh5 Bf7 45. Ra5 Kd7 46. Rxa4 Ke6 47. Ra8 1-0

[Event "World Amateur-ch U2300"]
[Site "Chalkidiki"]
[Date "2016.04.22"]
[Round "4"]
[White "Bigabylov, Zhuban"]
[Black "Pahomov, Ruslan"]
[Result "1-0"]
[WhiteElo "2152"]
[BlackElo "2211"]
[PlyCount "145"]
[EventDate "2016.04.19"]
[EventType "swiss"]
[EventRounds "9"]
[EventCountry "GRE"]
[SourceTitle "CBM 172 Extra"]
[Source "ChessBase"]
[SourceDate "2016.06.21"]
[SourceVersion "1"]
[SourceVersionDate "2016.06.21"]
[SourceQuality "1"]

1. d4 Nf6 2. c4 c5 3. d5 b5 4. cxb5 a6 5. b6 Qxb6 6. Nc3 g6 7. Nf3 d6 8. Nd2 Bg7 9. e4 0-0 10. Be2 Nbd7 11. Nc4 Qc7 12. Bf4 Ne8 13. 0-0 Nb6 14. Ne3 Qb7 15. a4 Nc7 16. Bg3 a5 17. Kh1 Kh8 18. f4 f5 19. e5 Rb8 20. h3 Re8 21. Bb5 Bd7 22. Qd3 Bxb5 23. axb5 a4 24. Rfd1 Nc8 25. Rxa4 Nxb5 26. Nxb5 Qxb5 27. Qxb5 Rxb5 28. Rd2 Nb6 29. Ra6 Rb4 30. Re2 dxe5 31. Be1 Rb3 32. fxe5 f4 33. Ba5 Rxe3 34. Rxe3 fxe3 35. Rxb6 Bxe5 36. Re6 Bf4 37. Re4 Bd6 38. Rxe3 Kg8 39. g4 Ra8 40. Bd2 Ra1+ 41. Kg2 Rd1 42. Re2 Be5 43. b4 c4 44. Rxe5 Rxd2+ 45. Kf3 Kf7 46. Re4 c3 47. Rc4 c2 48. Ke3 Rh2 49. Kd4 Ke8 50. b5 Kd7 51. b6 Rxh3 52. Rc7+ Kd6 53. Rxc2 Rb3 54. Rc6+ Kd7 55. Kc5 Kd8 56. g5 Rb1 57. Re6 Kd7 58. Re4 Rg1 59. Rb4 Kc8 60. Ra4 Kb8 61. Re4 Rc1+ 62. Kb5 Rb1+ 63. Kc6 Rc1+ 64. Kd7 Rd1 65. Re5 Kb7 66. Kxe7 Kxb6 67. d6 Kc6 68. Re2 Rd3 69. Rc2+ Kb6 70. d7 Re3+ 71. Kd8 Kb7 72. Rb2+ Ka7 73. Rb4 1-0

[Event "Pavlodar op"]
[Site "Pavlodar"]
[Date "2015.12.08"]
[Round "2"]
[White "Egorov, Mikhail1111"]
[Black "Bigabylov, Zhuban"]
[Result "0-1"]
[WhiteElo "1732"]
[BlackElo "2100"]
[PlyCount "38"]
[EventDate "2015.12.07"]
[EventType "swiss"]
[EventRounds "10"]
[EventCountry "KAZ"]
[SourceTitle "EXT 2017"]
[Source "ChessBase"]
[SourceDate "2016.10.25"]
[SourceVersion "1"]
[SourceVersionDate "2016.10.25"]
[SourceQuality "1"]

1. c4 Nf6 2. Nc3 e6 3. d4 Bb4 4. Nf3 c5 5. e3 0-0 6. Bd3 d5 7. 0-0 Nc6 8. dxc5 Bxc3 9. bxc3 e5 10. Nd2 Be6 11. cxd5 Nxd5 12. Qc2 f5 13. a3 e4 14. Bb5 Ne5 15. Nb3 Qh4 16. Nd4 Rf6 17. Nxe6 Nf3+ 18. gxf3 Rg6+ 19. Kh1 Rh6 0-1